000 00443nam a22001697a 4500
003 MPLRDC
005 20220104143255.0
008 210129b ||||| |||| 00| 0 eng d
082 _a857.45 HNRM
100 _a河南人民出版社编
245 _a历史小故事丛书选辑. 隋唐部分
_c
250 _a一版一刷
260 _a
_b河南人民出版社
_c1984
300 _b
650 _a历史小说
942 _cBK
_o857.45 HNRM
999 _c38297
_d38287